Tiempos de la subjetividad /

Guardado en:
Bibliografiske detaljer
Hovedforfatter: Jiménez Tomás, Sandra
Format: Texto
Tags: Tilføj Tag
Ingen Tags, Vær først til at tagge denne postø!

MARC

LEADER 00000 a a2200000 04500
001 8735
003
040
100 |a Jiménez Tomás, Sandra  
245 |a Tiempos de la subjetividad /  |c Sandra Jiménez Tomás 
773 |g número 12; páginas 9-25  
999 |c 25011  |d 25011